The autobiography of Sir Henry Morton Stanley, G.C.B. / (Record no. 120237)
[ view plain ]
| 000 -LEADER | |
|---|---|
| fixed length control field | 00867cam a2200241Ii 4500 |
| 001 - CONTROL NUMBER | |
| control field | 4739209 |
| 003 - CONTROL NUMBER IDENTIFIER | |
| control field | ARRUPE |
| 005 - DATE AND TIME OF LATEST TRANSACTION | |
| control field | 20140320143251.0 |
| 008 - FIXED-LENGTH DATA ELEMENTS--GENERAL INFORMATION | |
| fixed length control field | 771109s1909 enkbcfh b 001 0aeng d |
| 035 ## - SYSTEM CONTROL NUMBER | |
| System control number | (OCoLC)ocm03405572 |
| 035 ## - SYSTEM CONTROL NUMBER | |
| System control number | (NNC)4739209 |
| 040 ## - CATALOGING SOURCE | |
| Original cataloging agency | IAY |
| Transcribing agency | IAY |
| Modifying agency | OCL |
| -- | OCLCQ |
| 098 ## - OTHER CLASSIFICATION SCHEMES (OCLC) | |
| Call number based on other classification scheme | Ek |
| 300 ## - PHYSICAL DESCRIPTION | |
| Other physical details | facsim., map, ports. ; |
| Dimensions | 25 cm. |
| 100 1# - MAIN ENTRY--PERSONAL NAME | |
| Personal name | Stanley, Henry M. |
| Fuller form of name | (Henry Morton), |
| Dates associated with a name | 1841-1904. |
| 9 (RLIN) | 9205 |
| 245 14 - TITLE STATEMENT | |
| Title | The autobiography of Sir Henry Morton Stanley, G.C.B. / |
| Statement of responsibility, etc | edited by his wife, Dorothy Stanley. |
| 260 ## - PUBLICATION, DISTRIBUTION, ETC. (IMPRINT) | |
| Place of publication, distribution, etc | London : |
| Name of publisher, distributor, etc | Sampson Low, Marston, |
| Date of publication, distribution, etc | 1909. |
| 300 ## - PHYSICAL DESCRIPTION | |
| Extent | xvii, 551 p., [4] leaves of plates : |
| 504 ## - BIBLIOGRAPHY, ETC. NOTE | |
| Bibliography, etc | Includes bibliographical references (p. [541]) and index. |
| 600 10 - SUBJECT ADDED ENTRY--PERSONAL NAME | |
| Personal name | Stanley, Henry M. |
| Fuller form of name | (Henry Morton), |
| Dates associated with a name | 1841-1904. |
| 9 (RLIN) | 9206 |
| 700 1# - ADDED ENTRY--PERSONAL NAME | |
| Personal name | Stanley, Dorothy, |
| Titles and other words associated with a name | Lady, |
| Dates associated with a name | -1926. |
| 9 (RLIN) | 9207 |
| 942 ## - ADDED ENTRY ELEMENTS (KOHA) | |
| Source of classification or shelving scheme | Library of Congress Classification |
| Koha item type | REFERENCE |
| Withdrawn status | Lost status | Source of classification or shelving scheme | Damaged status | Not for loan | Collection code | Home library | Current library | Shelving location | Date acquired | Total Checkouts | Full call number | Barcode | Date last seen | Price effective from | Koha item type |
|---|---|---|---|---|---|---|---|---|---|---|---|---|---|---|---|
| Library of Congress Classification | SPECIAL Collection | ARRUPE LIBRARY | ARRUPE LIBRARY | Main Collection | 20/03/2014 | SPC DT351.S6 A3 | 46500001934 | 05/07/2018 | 20/03/2014 | REFERENCE |